000 00955nam0a2200301 4500
001 RU\NLR\BIBL_A\022134021
005 20250625133946.0
010 _9500
035 _a(NLR Aleph) 022134021
090 _a13319979
_c13319979
100 _a20240210d2011 |||y0rusy50 ca
101 0 _adar
102 _aRU
105 _aac z 000 y
181 0 _ai
_baxxe
182 0 _an
200 1 _aДухъянти дугурби
_fГIяли ГIялиев
203 _aТекст
_bвизуальный
_cнепосредственный
210 _aМахачкала
_cДаг. кн. изд-во
_d2011
215 _a142 с.
_cил., [1] л. ил. (портр.)
_d17
541 1 _6z01790
_aДлинные ночи
_zrus
686 1 _aШ6(2=Да)7-4
700 1 _aГIялиев
_bГI.
_gГIяли
_4070
790 0 _6z01541
_aАлиев
_bА.А.
_gАли Алиевич
_4070
852 _aNLR
_bОНЛ
_jДарг./2-1082
942 _cBOOK
980 _aNB